000 00199 a2200097 4500
001 13867
100 _aEvans M
245 _aEnglish Poetry
260 _aLondon
_bHutchinson
_c
090 _c10837
_d10837
942 _aNUST-CAE
_cM
_c933
999 _c248940
_d248940